000 00442nam a2200157 4500
001 112932
003 ES-MaACL
005 20230906185714.0
007 t|
008 061121s1968 sp r ||||1| spa d
110 0 0 _aMuseo del Ejército (España)
_95861
245 1 0 _aDescripción /
_cMuseo del Ejército.
260 _aMadrid :
_b[s.n.],
_c1968 (
_fImp. Oliver)
300 _a69 p. :
_bil ;
_c17 cm.
852 _aES-MaACL
_jC-36699
_bR.67762
999 _c112932
_d112932